| 000 | 00860cam a2200217 i 4500 | ||
|---|---|---|---|
| 001 | 115291 | ||
| 005 | 20230410103825.0 | ||
| 008 | 140321b2007 ts ab 000 0 eng | | ||
| 020 | _a0903696371 | ||
| 020 | _a9780903696371 | ||
| 050 | 1 | 4 |
_a403 DS 247 _bA136u 2007 |
| 100 | 1 | _aAbdullah, Muhammad Morsy | |
| 245 | 0 | 4 |
_aThe United Arab Emirates : _ba modern history / _cMuhammad Morsy Abdullah |
| 260 |
_aUnited Arab Emirates: _bMakarem, _c2007 |
||
| 300 |
_a365 p.: _bill., maps. |
||
| 504 | _aIncludes bibliographical references and index. | ||
| 505 | 0 | _apt. 1. The Trucial State and British Imperial Interests -- pt. 2. Internal changes -- pt. 3. Western neighbours of the Trucial States -- pt. 4. Britain, Persia and the Trucial States -- pt. 5. Britain, Muscat and the Inter-States boundaries. | |
| 650 | 4 | _aArabe | |
| 942 |
_2lcc _cbk |
||
| 946 | _arsfv | ||
| 999 |
_c26523 _d26523 |
||